Nobodies to somebodies : (Record no. 1214)
[ view plain ]
| 000 -LEADER | |
|---|---|
| fixed length control field | 00496nam a2200181Ia 4500 |
| 005 - DATE AND TIME OF LATEST TRANSACTION | |
| control field | 20240729022921.0 |
| 008 - FIXED-LENGTH DATA ELEMENTS--GENERAL INFORMATION | |
| fixed length control field | 240331s9999 xx 000 0 und d |
| 020 ## - INTERNATIONAL STANDARD BOOK NUMBER | |
| ISBN | 9559102265 |
| 082 ## - DDC Classification | |
| Class No. | 303.4 |
| Item Number - Author Mark | JAY |
| 100 ## - MAIN ENTRY--PERSONAL NAME | |
| Personal name | Jayawardena, K |
| 245 #0 - TITLE STATEMENT | |
| Title | Nobodies to somebodies : |
| Remainder of title | the rise of the colonial bourgeoisie in Sri Lanka |
| 260 ## - PUBLICATION, DISTRIBUTION, ETC. | |
| Place of publication, distribution, etc. | Colombo |
| Name of publisher, distributor, etc. | The Social Scientists Association |
| Date of publication, distribution, etc. | 2000 |
| 300 ## - PHYSICAL DESCRIPTION | |
| Extent (e.g. Volumes, Pages etc.) | xx, 390 p ., |
| 650 ## - SUBJECT ADDED ENTRY--TOPICAL TERM | |
| Topical term or geographic name entry element | Culture |
| 650 ## - SUBJECT ADDED ENTRY--TOPICAL TERM | |
| Topical term or geographic name entry element | Gender |
| 650 ## - SUBJECT ADDED ENTRY--TOPICAL TERM | |
| Topical term or geographic name entry element | Religion |
| 942 ## - Koha item type (Biblio) | |
| Koha item type | Books in Stacks (Lending) |
| Lost status | Damaged status | Collection code | Home library | Current library | Shelving location | Date acquired | Full call number | Accession Number | Item type |
|---|---|---|---|---|---|---|---|---|---|
| Lending | WERC Library | WERC Library | Social Science Cupboard | 03/31/2024 | 303.4 JAY | 4219 | Books in Stacks (Lending) |
